| 000 | 004720000a22001810004500 | ||
|---|---|---|---|
| 020 | _a1-871-609-31-3 | ||
| 041 | 0 | _aSPA | |
| 082 | 0 | 4 | _aG 278.5 K452i |
| 100 | 1 | _aKessler, Juan B. A. (1925-) | |
| 245 | 1 | 0 | _aHistoria de la evangelización en el Perú / Juan B. A. Kessler |
| 260 | _a[S.L] : PUMA | ||
| 300 | _a347 Pag | ||
| 001 | 9569 | ||
| 942 | _cBK | ||
| 999 |
_c39521 _d39521 |
||
| 336 |
_atexto _btxt _2rdacontent |
||
| 337 |
_2rdamedia _asin mediación _bn |
||
| 338 |
_2rdacarrier _avolumen _bnc |
||